Ευρωπαϊκό σύνταγμα και ευρωπαϊκή ενοποίηση : συμβολή στην κατανόηση και ερμηνεία της συνταγματικής συνθήκης
Αποθηκεύτηκε σε:
| Κύριος συγγραφέας: | |
|---|---|
| Μορφή: | Βιβλίο |
| Γλώσσα: | Greek |
| Δημοσίευση: |
Αθήνα :
Θεμέλιο,
2005.
|
| Σειρά: | Βιβλιοθήκη ευρωπαϊκών θεμάτων
|
| Θέματα: | |
| Ετικέτες: |
Προσθήκη ετικέτας
Δεν υπάρχουν, Καταχωρήστε ετικέτα πρώτοι!
|
MARC
| LEADER | 00000cam a2200000 i 4500 | ||
|---|---|---|---|
| 001 | 1/67683 | ||
| 008 | 071213s2005 gr | ||| |||| ||gre|| | ||
| 020 | |a 9789603103073 | ||
| 020 | |a 9603103071 | ||
| 035 | |l 10093098 | ||
| 040 | |a GR-MyUa |b gre |e AACR2 | ||
| 041 | 0 | |a gre | |
| 082 | 7 | |a 341.2422 |2 (22) | |
| 100 | 1 | |a Ιωακειμίδης, Παναγιώτης Κ. | |
| 245 | 1 | 0 | |a Ευρωπαϊκό σύνταγμα και ευρωπαϊκή ενοποίηση : |b συμβολή στην κατανόηση και ερμηνεία της συνταγματικής συνθήκης / |c Π. Κ. Ιωακειμίδης. |
| 260 | |a Αθήνα : |b Θεμέλιο, |c 2005. | ||
| 300 | |a 244 σ. ; |c 21 εκ. | ||
| 490 | 1 | |a (Βιβλιοθήκη Ευρωπαϊκών θεμάτων) | |
| 504 | |a Βιβλιογραφία: σ. 219-244. | ||
| 610 | 2 | 0 | |a European Union. |
| 650 | 0 | |a European federation. | |
| 650 | 0 | |a Constitutional law |z European Union countries. | |
| 830 | 0 | |a Βιβλιοθήκη ευρωπαϊκών θεμάτων | |
| 852 | |a INST |b LESVOS |e 20071213 |h 341.2422 ΙΩΑ |p 005100040430 |q 005100040430 |t BK |y 0 | ||
| 901 | |a BIBL1-2007-3 | ||
| 922 | |a 1ΕΛΗ |b 200711 |c ΕΠΕΑΕΚ2/ΤΚ |d Σ. Πατάκης | ||
| 970 | |a Καρά |b Γιασεμή |z 13/12/2007 | ||